Fundamentos de finanzas corporativas / Stephen Ross (Registro nro. 2565)

Detalles MARC
000 -LEADER
fixed length control field 00588nam a22002171a 4500
001 - CONTROL NUMBER
control field 2565
003 - CONTROL NUMBER IDENTIFIER
control field OSt
005 - DATE AND TIME OF LATEST TRANSACTION
control field 20260204211817.0
008 - FIXED-LENGTH DATA ELEMENTS--GENERAL INFORMATION
fixed length control field 040311s2003||||mx ||||||b||||||||||spa||
020 ## - NUMERO DE LIBRO INTERNACIONAL NORMALIZADO
International Standard Book Number 9701028422
050 ## - LIBRARY OF CONGRESS CALL NUMBER
Classification number 658.15 R734f
082 ## - DEWEY DECIMAL CLASSIFICATION NUMBER
Classification number 658.15 R734f
100 ## - ASIENTO PRINCIPAL -- NOMBRE PERSONAL
Personal name Ross, Stephen A.
245 ## - TÍTULO PROPIAMENTE DICHO: SUBTÍTULO
Title Fundamentos de finanzas corporativas / Stephen Ross
264 ## - PRODUCTION, PUBLICATION, DISTRIBUTION, MANUFACTURE, AND COPYRIGHT NOTICE
Place of production, publication, distribution, manufacture México : McGraw-Hill
300 ## - PHYSICAL DESCRIPTION
Extensión 757 p.
500 ## - GENERAL NOTE
General note Incluye CD
650 ## - ASIENTO SECUNDARIO DE MATERIA -- TERMINO TEMÁTICO
Termino Temático Como Elemento de Entrada 1.Administración Financiera 2.Finanzas
700 ## - ASIENTO SECUNDARIO -- NOMBRE PERSONAL
Personal name Westerfield, Randolph W. II. Jordan, BradfordÌ
942 ## - ADDED ENTRY ELEMENTS (KOHA)
Source of classification or shelving scheme Dewey Decimal Classification
Koha item type Libros
Existencias
Withdrawn status Lost status Source of classification or shelving scheme Damaged status Not for loan Current library Date acquired Full call number Barcode Date last seen Price effective from Koha item type Total Checkouts
    Dewey Decimal Classification Descartado para donación   Biblioteca UTECO 09/09/2019 658.15 R734F 006532 09/09/2019 09/09/2019 Libros  
    Dewey Decimal Classification     Biblioteca UTECO 09/09/2019 658.15 R734F 006533 09/09/2019 09/09/2019 Libros  
    Dewey Decimal Classification     Biblioteca UTECO 09/09/2019 658.15 R734F 006534 09/09/2019 09/09/2019 Libros  
© 2021 Derechos Reservados UTECO - Teléfono: +1 809-585-2291 - Correo electrónico: biblioteca@uteco.edu.do​  
Código postal 43000 ​​
Dirección: Avenida Universitaria No. 100, 
Cotuí, Provincia Sánchez Ramírez, República Dominicana - RNC: 404-00059-6